000 00566nam a22001577a 4500
999 _c534831
_d534831
020 _qHard Cover.
082 _a624.1
100 _aMarwa, Khadija
245 _aOperational safety of construction projects in pakistan:
_bAn exploratory empirical study using field data /
_cKhadija Mawra.
260 _aIslamabad:
_bNIT - NUST,
_c2016.
300 _a108 p. :
_bill. ;
_c30cm.
942 _2ddc
_cTHE
650 _aConstruction Engineering and Management MS-Thesis.
_917023
700 _aDr. Anwaar Ahmed
_929216